| 000 | 00665nam a22002657a 4500 | ||
|---|---|---|---|
| 003 | UA-OsUOA | ||
| 001 | 21182 | ||
| 007 | ta | ||
| 008 | 20031121b un ||||| |||| 00| 0 ukr d | ||
| 100 | _aЛаврінова М.І. | ||
| 700 | _aНатикач П.І. | ||
| 700 | _aПетляк Ф.А. | ||
| 090 |
_a94(477) _bЛ13 |
||
| 942 | _cBK | ||
| 040 |
_aUA-OsUOA _bukr _cUA-OsUOA _dUA-OsUOA |
||
| 245 | _aЗрозумієш історію - пізнаєш світ | ||
| 300 | _a120 с. | ||
| 955 | _a0 | ||
| 041 | _aukr | ||
| 080 | _a94(477) | ||
| 260 |
_aКиїв _bРадянська школа _c1984 |
||
| 044 | _aUA | ||
| 650 | 7 | _2UDC | |
| 999 |
_c307375 _d307375 |
||